000 01057nmm a2200301 a 4500
001 ocm000660926
003 TR-IsHL
005 20201028135958.0
008 131212s2010 tu tur
007 cr cn
020 _a9789944607216
035 _a660926
_b(N$T)
050 0 4 _aHJ2906.5
_b.B35 2010
090 0 4 _aHJ2906.5
_b.B35 2010
100 1 _aBaloğlu, Burhan
245 1 0 _aToplumsal yapı ve verginin sosyal bileşenleri tercihli vergi
_h[electronic resource] /
_cBurhan Baloğlu ; Filiz Baloğlu
260 _aİstanbul :
_bİstanbul Ticaret Odası,
_c2010
300 _a234 p.
650 4 _aEkonomi ve Finans
650 4 _aEconomics and Finance
650 0 _aVergilendirme
_x Türkiye
650 0 _aTaxation
_x Turkey
650 0 _aSosyal yapı
_x Türkiye
_x Vergilendirme
650 0 _aSocial structure
_x Turkey
_x Taxation
650 7 _aBUSINESS & ECONOMICS / Taxation / General
_2bisacsh
700 1 _aBaloğlu, Filiz
856 4 0 _uhttp://search.ebscohost.com/login.aspx?direct=true&scope=site&db=e011xww&AN=660926
999 _c7037
_d7037